| 000 | 00458nam a2200181Ia 4500 | ||
|---|---|---|---|
| 008 | 170918s9999 xx 000 0 und d | ||
| 020 | _a590032747 | ||
| 050 | _bD131 2007 | ||
| 100 | _aDahl, Roald | ||
| 245 | _aGeorge's marvelous medicine / | ||
| 245 | _cRoald Dahl ; illustrated by Quentin Blake. | ||
| 260 | _aNew York : | ||
| 260 | _bScholastic, | ||
| 300 | _a88 pages : | ||
| 300 | _bcolored illustration ; | ||
| 300 | _c19cm. | ||
| 500 | _a640 | ||
| 999 |
_c341805 _d341805 |
||